Foreign Investors' Activities in Eastern Germany Motivations and Strategies

Saved in:
Bibliographic Details
Main Author: Sander, Birgit
Format: Book
Language:English
Published: Kiel Institut für Weltwirtschaft 1992
Series:Kiel Working Paper No.550
Subjects:
Tags: Add Tag
No Tags, Be the first to tag this record!

MARC

LEADER 00000nam a2200000 4500
001 c010705
005 20250521092935.8
041 0 |a eng 
044 |a DE 
245 1 0 |a Foreign Investors' Activities in Eastern Germany Motivations and Strategies  |c Birgit Sander 
264 1 |a Kiel  |b Institut für Weltwirtschaft  |c 1992 
300 |a 35 s. 
490 1 |a Kiel Working Paper  |v No.550 
830 0 |a Kiel Working Paper  |v No.550 
610 2 0 |a investície zahraničné 
610 2 0 |a investori 
610 2 0 |a stratégia hospodárska 
610 2 0 |a východné Nemecko 
100 1 |a Sander, Birgit